| 000 | 00422nam a22001697a 4500 | ||
|---|---|---|---|
| 003 | BT-PhCST | ||
| 020 | _aNA | ||
| 040 |
_cBT-PhCST _dBT-PhCST |
||
| 082 |
_222 _a670 |
||
| 100 | _aNA | ||
| 245 | _aETD18-industrial process measurement and control iec/tc 65 / | ||
| 260 |
_aNew Delhi, _bBureau of Indian Standards, _cc2006. |
||
| 300 |
_aNA _bill. ; _c30 cm. |
||
| 400 | _aVol. 1-1 | ||
| 942 |
_2ddc _cEE |
||
| 999 |
_c906 _d906 |
||
| 999 |
_c1001 _d1001 |
||